00637nam a2200193 a 450000500170000000800410001702000180005805000180007610000190009424500280011326000420014130000100018365000280019365000430022165000270026465000230029199900190031495201100033320140412111303.0001118s19uu xx 00 eng d a0-88301-752-0 aERbHe34 1984 aSpyri, Johanna aHeidi /cJohanna Spyri. a[s.l.l] :bAcademic Ind., Inc,c1984. a61 p. aGrandfathers -- Fiction aMountain life -- Switzeland -- Fiction aSwitzerland -- Fiction aOrphans -- Fiction c103535d103535 00104050aELbELcERd2000-11-18eDonationl0oER He34 1984pE5194r2014-04-12 00:00:00w2014-04-12yBK